Season 4 of "The 100" Quiz - Statistics

General Stats
  • This quiz has been taken 237 times
  • The average score is 11 of 15
Answer Stats
Question Answer % Correct
What does Raven do to escape the death wave with the 6 others on the island? launches the rocket
97%
Why did Luna survive the Accute Radiation Sickness? because of her nightblood
95%
What is the name of the new Flamekeeper who steals the flame from Roan? Gaia
94%
What does Skaikru do while the conclave is taking place? take over the bunker
90%
The vision of which two characters appeared as a result of Raven's brain damage? Becca and Sinclair
87%
Bellamy,Clarke,Murphy,Emori and Echo were not in the bunker when it closed because... they went to get Raven
86%
Who originally found the eleventh key that unlocks the bunker? Jaha
79%
How was Roan killed by Luna in the conclave? drowned
76%
How long after the Praimfaya does the prisoner ship land on the ground? 6 years and 7 days
70%
For how long will everyone need to avoid radiation before safely returning to the ground? 5 years
60%
Who takes control over the capital after King Roan's injuries? Azgeda
52%
True or false: The first test subject for injecting nightblood bone marrow and being exposed to radiation is named Baylis. False
52%
Who reveals Clarke's list of a 100 selected that will survive the Praimfaya to Skaikru? Monty
50%
Which clan shoots an arrow into a barrel of fuel needed for Raven's rocket? Trikru
48%
Which clan was the first to lose in the conclave? Ingranronakru
46%
No matching quizzes found
Score Distribution
Percent of People with Each Score
Percentile by Number Answered
Your Score History
You have not taken this quiz